000 00751nam a2200253 4500
003 OSt
005 20260530115256.0
008 260504b2004 nyua|||| |||| 00| 0 eng d
020 _a0060536136
040 _aICI
_bspa
_cICI
041 _aspa
050 _aHD59.2
_bA54 2004
245 0 0 _aAmerican Corporate Identity 2004 /
_cedited by David E. Carter
246 3 0 _aAmerican corporate identity 2004
264 1 _aNew York, New York :
_bHarper Design International,
_c2003
300 _a320 páginas :
_bilustraciones
336 _atexto
_2rdacontent
337 _asin medio
_2rdamedia
338 _avolumen
_2rdacarrier
650 4 _aArte comercial
650 4 _aImagen corporativa
700 1 _aCarter, David E.
_eeditor
942 _2ddc
_cBK
_n1
999 _c12609
_d12609